| 000 | 00856nam a2200313 a 4500 | ||
|---|---|---|---|
| 003 | AR-BaBNM | ||
| 005 | 20251128203451.0 | ||
| 008 | 082120s2002 ||||||||||||||000 | spa|| | ||
| 020 | _a950-577-068-5 | ||
| 040 | _cAR-BaBNM | ||
| 245 | 0 | 0 |
_a1943-1982 _bhistoria política argentina |
| 250 | _a2ª ed. | ||
| 260 |
_aBuenos Aires _bBelgrano _c1985 |
||
| 300 |
_a376 p. _btablas |
||
| 490 | 0 | _aEstudios políticos | |
| 650 | 4 | _aCIENCIAS POLITICAS | |
| 650 | 4 | _aHISTORIA POLITICA | |
| 650 | 4 | _aPRESIDENCIAS ARGENTINAS | |
| 650 | 4 | _aHISTORIA ECONOMICA | |
| 650 | 4 | _aREVOLUCION DE SETIEMBRE DE 1955 | |
| 650 | 4 | _aAZULES Y COLORADOS | |
| 650 | 4 | _aREGRESO DE PERON | |
| 650 | 4 | _aSUBVERSION EN ARGENTINA | |
| 651 | 4 | _aArgentina | |
| 700 | 1 |
_aBraun, Rafael _eprologuista |
|
| 800 | 1 |
_aFloria, Carlos _edirector |
|
| 942 | _cBK | ||
| 998 | _cmariana | ||
| 999 |
_c3517 _d3517 |
||